Countries that drink the most soft drinks - Statistics

General Stats
  • This quiz has been taken 40 times
  • The average score is 5 of 10
Answer Stats
Rank Approximate Consumption (liters per capita per year) Answer % Correct
5 154 liters United States
100%
7 98 liters Germany
71%
3 155 liters Brazil
60%
4 155 liters Argentina
51%
6 141 liters Chile
46%
8 98 liters Norway
43%
2 272 liters Belgium
37%
10 89 liters Bolivia
31%
9 89 liters Saudi Arabia
23%
1 310 liters Hungary
17%
No matching quizzes found
Score Distribution
Percent of People with Each Score
Percentile by Number Answered
Your Score History
You have not taken this quiz